Political myth and the sacred center of human rights: the Universal Declaration and the narrative of "inherent human dignity"
This paper will explore the 1948 Universal Declaration of Human Rights as an exemplar of political mythmaking, a genre of narrative designed to channel and thereby to quell social anxiety and to orient select groups toward desirable beliefs and practices. One of the Declaration’s most fundamental an...
| Autor principal: | |
|---|---|
| Tipo de documento: | Electrónico Artículo |
| Lenguaje: | Inglés |
| Publicado: |
2011
|
| En: |
Human rights review
Año: 2011, Volumen: 12, Número: 2, Páginas: 147-171 |
| Acceso en línea: |
Volltext (lizenzpflichtig) Volltext (lizenzpflichtig) |
| Verificar disponibilidad: | HBZ Gateway |
MARC
| LEADER | 00000caa a2200000 c 4500 | ||
|---|---|---|---|
| 001 | 668636858 | ||
| 003 | DE-627 | ||
| 005 | 20250808093336.0 | ||
| 007 | cr uuu---uuuuu | ||
| 008 | 110921s2011 xx |||||o 00| ||eng c | ||
| 024 | 7 | |a 10.1007/s12142-010-0171-x |2 doi | |
| 035 | |a (DE-627)668636858 | ||
| 035 | |a (DE-576)9668636856 | ||
| 035 | |a (DE-599)GBV668636858 | ||
| 040 | |a DE-627 |b ger |c DE-627 |e rda | ||
| 041 | |a eng | ||
| 084 | |a 2,1 |2 ssgn | ||
| 100 | 1 | |a Reinbold, Jenna |e VerfasserIn |0 (DE-588)1127645579 |0 (DE-627)882143425 |0 (DE-576)485318520 |4 aut | |
| 109 | |a Reinbold, Jenna | ||
| 245 | 1 | 0 | |a Political myth and the sacred center of human rights |b the Universal Declaration and the narrative of "inherent human dignity" |c Jenna Reinbold |
| 264 | 1 | |c 2011 | |
| 336 | |a Text |b txt |2 rdacontent | ||
| 337 | |a Computermedien |b c |2 rdamedia | ||
| 338 | |a Online-Ressource |b cr |2 rdacarrier | ||
| 500 | |a Literaturverzeichnis: Seite 169-171 | ||
| 520 | |a This paper will explore the 1948 Universal Declaration of Human Rights as an exemplar of political mythmaking, a genre of narrative designed to channel and thereby to quell social anxiety and to orient select groups toward desirable beliefs and practices. One of the Declaration’s most fundamental and forceful elements is its enshrinement of the “inherent dignity” of each member of the human family. Drawing upon contemporary theorizations of mythmaking and sacralization, this article will elucidate the manner in which inherent dignity functions as the central item of sacredness within what we might call the “secular morality” of universal human rights. | ||
| 773 | 0 | 8 | |i Enthalten in |t Human rights review |d Dordrecht : Springer, 1999 |g 12(2011), 2, Seite 147-171 |h Online-Ressource |w (DE-627)320607771 |w (DE-600)2020969-1 |w (DE-576)109633938 |x 1874-6306 |7 nnas |
| 773 | 1 | 8 | |g volume:12 |g year:2011 |g number:2 |g pages:147-171 |
| 856 | 4 | 0 | |u https://doi.org/10.1007/s12142-010-0171-x |x Resolving-System |z lizenzpflichtig |3 Volltext |7 1 |
| 856 | 4 | 0 | |u https://link.springer.com/article/10.1007/s12142-010-0171-x |x Verlag |z lizenzpflichtig |3 Volltext |7 1 |
| 951 | |a AR | ||
| ELC | |a 1 | ||
| LOK | |0 000 xxxxxcx a22 zn 4500 | ||
| LOK | |0 001 4771181594 | ||
| LOK | |0 003 DE-627 | ||
| LOK | |0 004 668636858 | ||
| LOK | |0 005 20250912121749 | ||
| LOK | |0 008 250912||||||||||||||||ger||||||| | ||
| LOK | |0 040 |a DE-2619 |c DE-627 |d DE-2619 | ||
| LOK | |0 092 |o n | ||
| LOK | |0 852 |a DE-2619 | ||
| LOK | |0 852 1 |9 00 | ||
| LOK | |0 939 |a 12-09-25 |b l01 | ||
| ORI | |a SA-MARC-krimdoka001.raw | ||
